000 00591nam a2200253Ia 4500
005 20260121155745.0
008 008 260114s9999 xx 000 0 eng d
020 _a9781351061384
037 _aEBOOK
040 _aCRL
040 _beng
040 _cCRL
041 _2eng
041 _aeng
084 _qCRL
100 _a Soonae Park
_91023463
245 0 _aPublic Management in Korea
260 _bTaylor and Francis
260 _c2019
856 _uhttp://www.taylorfrancis.com/books/9781351061384
942 _cEBOOK
999 _c1590282
_d1590282